000 00338nam a2200133Ia 4500
005 20251222155040.0
008 251222s9999||||xx |||||||||||||| ||spa||
082 _aANT.01
100 _aSILVA SANTISTEBAN Fernan.
245 0 _aAntropología Conceptos y nociones Generales
250 _a2da. ed.
264 _bUniv. De Lima
942 _cLIB
999 _c36876
_d36876